[Event "2 Bundesliga West 2007/2008"]
[Site "Jenbach"]
[Date "2007.11.17"]
[Round "4"]
[Board "5"]
[White "Ager, Josef"]
[Black "Burschowsky, Matthias"]
[Result "1/2-1/2"]
[WhiteElo "2213"]
[BlackElo "2208"]
[PlyCount "118"]
[EventDate "2007.10.06"]
[EventType "team"]
[EventRounds "11"]
[EventCountry "AUT"]
[WhiteTeam "ATSV Ranshofen"]
[BlackTeam "Hohenems II"]

1.Nf3 Nf6 2.d4 g6 3.c4 c5 4.d5 b5 5.Nbd2 d6 6.e4 bxc4 7.Bxc4 Bg7 8.O-O O-O 9.Re1
Nfd7 10.Rb1 Ba6 11.a3 Bxc4 12.Nxc4 a5 13.Bd2 a4 14.b3 axb3 15.Qxb3 Qc7 16.Bf4 f6
17.h3 h6 18.Bd2 Ne5 19.Nfxe5 fxe5 20.a4 Nd7 21.a5 Rab8 22.Qa4 Rxb1 23.Rxb1 Rb8
24.Rxb8+ Nxb8 25.Qb5 Kf7 26.g3 Qa7 27.Kg2 h5 28.f4 exf4 29.gxf4 Bd4 30.Kf3 Qa8
31.Ke2 Qa6 32.Qxa6 Nxa6 33.Kd3 Ke8 34.Na3 Kd7 35.Kc4 Bb2 36.Nc2 Nc7 37.Ne3 Bd4
38.Ng2 Bf2 39.f5 gxf5 40.exf5 Bg3 41.Bc3 Kc8 42.Ne3 Bf4 43.f6 exf6 44.Nf5 Kd7
45.Bxf6 Bd2 46.Be7 Bf4 47.Bf8 Be5 48.Bg7 Bf4 49.Bc3 Kc8 50.Be1 Ne8 51.Kb5 Kb7
52.a6+ Ka7 53.Ba5 Nf6 54.Bb6+ Ka8 55.Kc6 Ne8 56.Kb5 Nf6 57.Kc4 Nd7 58.Bc7 Ka7
59.Nxd6 Kxa6

[Event "2 Bundesliga West 2007/2008"]
[Site "Jenbach"]
[Date "2007.11.17"]
[Round "4"]
[Board "6"]
[White "Baldauf, Marco"]
[Black "Hackbarth, Wolfgang"]
[Result "1/2-1/2"]
[WhiteElo "2236"]
[BlackElo "2141"]
[PlyCount "61"]
[EventDate "2007.10.06"]
[EventType "team"]
[EventRounds "11"]
[EventCountry "AUT"]
[WhiteTeam "Hohenems II"]
[BlackTeam "ATSV Ranshofen"]

1.d4 Nf6 2.g3 g6 3.Bg2 Bg7 4.e4 d6 5.Ne2 Nbd7 6.O-O e5 7.Nbc3 O-O 8.h3 Re8 9.f4
c6 10.Kh2 exd4 11.Nxd4 Nc5 12.Re1 d5 13.exd5 Rxe1 14.Qxe1 cxd5 15.Nb3 Nce4
16.Ne2 Bd7 17.Be3 Qc7 18.Qd1 Re8 19.Bd4 Bb5 20.Bf3 Bxe2 21.Bxe2 Nxg3 22.Kxg3
Rxe2 23.Qxe2 Nh5+ 24.Kf2 Qxf4+ 25.Ke1 Bxd4 26.Nxd4 Qxd4 27.c3 Qg1+ 28.Qf1 Qe3+
29.Qe2 Qg1+ 30.Qf1 Qe3+ 31.Qe2

[Event "2 Bundesliga West 2007/2008"]
[Site "Jenbach"]
[Date "2007.11.17"]
[Round "4"]
[Board "1"]
[White "FrOewis, Georg"]
[Black "Klocker, Benedikt"]
[Result "1-0"]
[WhiteElo "2223"]
[BlackElo "2149"]
[PlyCount "55"]
[EventDate "2007.10.06"]
[EventType "team"]
[EventRounds "11"]
[EventCountry "AUT"]
[WhiteTeam "Lustenau"]
[BlackTeam "Dornbirn"]

1.e4 c5 2.Nf3 d6 3.d4 cxd4 4.Nxd4 Nf6 5.Nc3 g6 6.Be3 Bg7 7.f3 O-O 8.Qd2 Nc6
9.Bc4 Bd7 10.O-O-O Rc8 11.Bb3 Ne5 12.h4 h5 13.Bh6 Nc4 14.Bxc4 Rxc4 15.Bxg7 Kxg7
16.g4 hxg4 17.h5 Rh8 18.hxg6 fxg6 19.f4 Rh3 20.e5 Nh5 21.f5 Qb6 22.Rxh3 gxh3
23.Qg5 dxe5 24.Ne6+ Bxe6 25.Qxg6+ Kf8 26.fxe6 Rf4 27.Nd5 Qf2 28.Qh6+

[Event "2 Bundesliga West 2007/2008"]
[Site "Jenbach"]
[Date "2007.11.17"]
[Round "4"]
[Board "3"]
[White "Sucher, Johannes"]
[Black "Natter, Markus"]
[Result "1-0"]
[WhiteElo "2218"]
[BlackElo "2122"]
[PlyCount "29"]
[EventDate "2007.10.06"]
[EventType "team"]
[EventRounds "11"]
[EventCountry "AUT"]
[WhiteTeam "Lustenau"]
[BlackTeam "Dornbirn"]

1.d4 f5 2.e4 fxe4 3.Nc3 Nf6 4.Bg5 Nc6 5.d5 Ne5 6.Qd4 Nf7 7.f4 c6 8.O-O-O cxd5
9.Bxf6 gxf6 10.Nxd5 Nd6 11.Qc5 Kf7 12.Nc7 Rb8 13.Rxd6 exd6 14.Qh5+ Kg7 15.Ne8+

[Event "2 Bundesliga West 2007/2008"]
[Site "Jenbach"]
[Date "2007.11.17"]
[Round "4"]
[Board "4"]
[White "Gsteu, Peter"]
[Black "Bezler, Rainer"]
[Result "0-1"]
[WhiteElo "2080"]
[BlackElo "2258"]
[PlyCount "58"]
[EventDate "2007.10.06"]
[EventType "team"]
[EventRounds "11"]
[EventCountry "AUT"]
[WhiteTeam "Dornbirn"]
[BlackTeam "Lustenau"]

1.d4 Nf6 2.Nf3 g6 3.c4 Bg7 4.Nc3 O-O 5.e4 d6 6.Be2 e5 7.O-O Nc6 8.d5 Ne7 9.b4
Nh5 10.Re1 f5 11.Ng5 Nf6 12.f3 h6 13.Ne6 Bxe6 14.dxe6 Nh5 15.c5 Nf4 16.Qb3 fxe4
17.fxe4 dxc5 18.Rd1 Nxe2+ 19.Nxe2 Qe8 20.Rd7 Nc6 21.bxc5 Rc8 22.Be3 Na5 23.Qc3
b6 24.Rxg7+ Kxg7 25.Qxe5+ Kh7 26.Rd1 Nc6 27.Rd7+ Qxd7 28.exd7 Nxe5 29.dxc8=Q
Rxc8

[Event "2 Bundesliga West 2007/2008"]
[Site "Jenbach"]
[Date "2007.11.17"]
[Round "4"]
[Board "5"]
[White "Doskocil, Klaus"]
[Black "Klocker, Daniel"]
[Result "1-0"]
[WhiteElo "2202"]
[BlackElo "2067"]
[PlyCount "59"]
[EventDate "2007.10.06"]
[EventType "team"]
[EventRounds "11"]
[EventCountry "AUT"]
[WhiteTeam "Lustenau"]
[BlackTeam "Dornbirn"]

1.f4 d5 2.Nf3 c5 3.b3 Nf6 4.Bb2 e6 5.e3 Nc6 6.Bb5 Bd7 7.O-O Bd6 8.Bxc6 Bxc6
9.Ne5 Qc7 10.d3 O-O-O 11.a4 Rhg8 12.Nd2 Be8 13.Ndf3 Nd7 14.d4 f6 15.Nxd7 Bxd7
16.Ba3 Kb8 17.Qd2 b6 18.a5 g5 19.axb6 axb6 20.dxc5 bxc5 21.b4 gxf4 22.bxc5 Bxc5
23.Rfb1+ Kc8 24.Bxc5 Qxc5 25.Ra5 Qc6 26.Qb4 Rxg2+ 27.Kxg2 Rg8+ 28.Kh1 Kd8 29.Nd4
Qc8 30.Qd6

[Event "2 Bundesliga West 2007/2008"]
[Site "Jenbach"]
[Date "2007.11.17"]
[Round "4"]
[Board "6"]
[White "Haertl, Siegfried"]
[Black "Mrsic, Robert"]
[Result "0-1"]
[WhiteElo "2040"]
[BlackElo "2117"]
[PlyCount "116"]
[EventDate "2007.10.06"]
[EventType "team"]
[EventRounds "11"]
[EventCountry "AUT"]
[WhiteTeam "Dornbirn"]
[BlackTeam "Lustenau"]

1.d4 Nf6 2.Nf3 e6 3.c4 b6 4.Nc3 Bb7 5.Bg5 h6 6.Bh4 Bb4 7.a3 Bxc3+ 8.bxc3 g5
9.Bg3 Ne4 10.Qc2 d6 11.Nd2 f5 12.f3 Nxd2 13.Qxd2 f4 14.Bf2 Nd7 15.e3 fxe3
16.Qxe3 Qf6 17.Bd3 O-O-O 18.a4 g4 19.fxg4 Bxg2 20.Rg1 Bb7 21.a5 e5 22.a6 Ba8
23.d5 e4 24.Be2 c6 25.Qd2 cxd5 26.cxd5 Rhf8 27.Bg3 Ne5 28.Ra4 Rde8 29.Kd1 Nf3
30.Rc4+ Kd8 31.Bxf3 Qxf3+ 32.Kc1 e3 33.Qd3 Kd7 34.Qh7+ Re7 35.Qxh6 Qxd5 36.Rd4
Re6 37.Rxd5 Rxh6 38.Rd4 Bf3 39.g5 Rg6 40.h4 d5 41.c4 Rc6 42.Re1 e2 43.Kd2 Rxc4
44.Rxc4 dxc4 45.Kc3 b5 46.Be5 Bh5 47.Bd4 Rf1 48.Kd2 b4 49.Rxe2 Bxe2 50.Kxe2 Rh1
51.Bxa7 Rxh4 52.Bc5 Rh2+ 53.Ke3 Ra2 54.a7 Ke6 55.Kd4 b3 56.Kc3 b2 57.Kc2 c3
58.Bd4 Ra1

[Event "2 Bundesliga West 2007/2008"]
[Site "Jenbach"]
[Date "2007.11.17"]
[Round "4"]
[Board "1"]
[White "Pitl, Gregory"]
[Black "Dobosz, Henryk"]
[Result "1/2-1/2"]
[WhiteElo "2405"]
[BlackElo "2430"]
[PlyCount "63"]
[EventDate "2007.10.06"]
[EventType "team"]
[EventRounds "11"]
[EventCountry "AUT"]
[WhiteTeam "Wuestenrot Inter Sbg Sued"]
[BlackTeam "GOetzis"]

1.e4 c5 2.Nf3 e6 3.d4 cxd4 4.Nxd4 a6 5.Nc3 Qc7 6.Bd3 Nf6 7.O-O d6 8.Kh1 g6 9.f4
Bg7 10.Qe1 Nbd7 11.f5 gxf5 12.exf5 e5 13.Bg5 O-O 14.Nf3 Re8 15.Qg3 Kh8 16.Qh4
Qc6 17.Rae1 d5 18.Nd4 Qd6 19.Ne6 fxe6 20.fxe6 Rxe6 21.Bf5 b5 22.Rd1 Bb7 23.Ne4
dxe4 24.Rxd6 Rxd6 25.h3 Nf8 26.c3 Rad8 27.Rf2 Re8 28.Rf1 Kg8 29.Rf2 Kh8 30.Rf1
Kg8 31.Rf2 Kh8 32.Rf1

[Event "2 Bundesliga West 2007/2008"]
[Site "Jenbach"]
[Date "2007.11.17"]
[Round "4"]
[Board "2"]
[White "Eisenbeiser, Amadeus"]
[Black "Grafl, Florian"]
[Result "1/2-1/2"]
[WhiteElo "2319"]
[BlackElo "2433"]
[PlyCount "104"]
[EventDate "2007.10.06"]
[EventType "team"]
[EventRounds "11"]
[EventCountry "AUT"]
[WhiteTeam "GOetzis"]
[BlackTeam "Wuestenrot Inter Sbg Sued"]

1.e4 d5 2.exd5 Qxd5 3.Nc3 Qd6 4.g3 Nf6 5.Bg2 Bg4 6.Nge2 Nc6 7.h3 Bf5 8.d3 e5
9.Be3 O-O-O 10.Qd2 Nd4 11.O-O-O Qa6 12.f4 Nxe2+ 13.Qxe2 exf4 14.Bxf4 Be6 15.a3
Bc5 16.Qe5 Bd6 17.Qe3 Qb6 18.Qf3 Nd5 19.Bxd6 Nxc3 20.bxc3 Rxd6 21.Kd2 c6 22.Qf4
Rhd8 23.Rhe1 g6 24.Re3 Qa5 25.Qb4 Qg5 26.Rf1 a6 27.Qf4 Qxf4 28.Rxf4 f5 29.h4 Kd7
30.Rf1 Ke7 31.Bh3 h5 32.Bg2 Kf6 33.Rfe1 R8d7 34.Bf3 Bf7 35.Re5 Re6 36.Rxe6+ Bxe6
37.Ke3 Bd5 38.Kf4 Bxf3 39.Kxf3 Rd5 40.c4 Ra5 41.Rb1 b5 42.cxb5 axb5 43.Rb3 Ke5
44.Ke3 Ra4 45.Rc3 Kd5 46.Rb3 Rg4 47.Kf3 f4 48.gxf4 Rxh4 49.Rb4 Rh3+ 50.Kg2 Re3
51.Kf2 Rh3 52.Kg2 Re3

[Event "2 Bundesliga West 2007/2008"]
[Site "Jenbach"]
[Date "2007.11.17"]
[Round "4"]
[Board "3"]
[White "Pitschka, Klaus"]
[Black "Schmidlechner, Alexander"]
[Result "1-0"]
[WhiteElo "2320"]
[BlackElo "2195"]
[PlyCount "27"]
[EventDate "2007.10.06"]
[EventType "team"]
[EventRounds "11"]
[EventCountry "AUT"]
[WhiteTeam "Wuestenrot Inter Sbg Sued"]
[BlackTeam "GOetzis"]

1.d4 d5 2.Nf3 Nf6 3.c4 c6 4.Nc3 e6 5.e3 Nbd7 6.Bd3 Bd6 7.O-O O-O 8.e4 dxe4
9.Nxe4 Nxe4 10.Bxe4 h6 11.b3 e5 12.dxe5 Nxe5 13.Bb2 Bg4 14.Bxe5

[Event "2 Bundesliga West 2007/2008"]
[Site "Jenbach"]
[Date "2007.11.17"]
[Round "4"]
[Board "4"]
[White "Wallis, Anton"]
[Black "Marchhart, Matthias"]
[Result "1-0"]
[WhiteElo "2163"]
[BlackElo "2163"]
[PlyCount "51"]
[EventDate "2007.10.06"]
[EventType "team"]
[EventRounds "11"]
[EventCountry "AUT"]
[WhiteTeam "GOetzis"]
[BlackTeam "Wuestenrot Inter Sbg Sued"]

1.e4 c5 2.c3 d5 3.exd5 Qxd5 4.d4 Nf6 5.Nf3 Nc6 6.Be3 cxd4 7.cxd4 Bg4 8.Be2 e6
9.Nc3 Qa5 10.O-O Rd8 11.h3 Bh5 12.a3 Nd5 13.Qb3 Rd7 14.Nxd5 Qxd5 15.Bc4 Qd6
16.Ne5 Rc7 17.Bf4 Qxd4 18.Ng6 Rd7 19.Be3 Qe4 20.Nxh8 Na5 21.Qb5 Nxc4 22.Qxh5 Bd6
23.Rfe1 g6 24.Qxh7 Qf5 25.Rac1 b5 26.b3

[Event "2 Bundesliga West 2007/2008"]
[Site "Jenbach"]
[Date "2007.11.17"]
[Round "4"]
[Board "5"]
[White "Riemelmoser, Franz"]
[Black "Kranz, Armin"]
[Result "1-0"]
[WhiteElo "2302"]
[BlackElo "2172"]
[PlyCount "71"]
[EventDate "2007.10.06"]
[EventType "team"]
[EventRounds "11"]
[EventCountry "AUT"]
[WhiteTeam "Wuestenrot Inter Sbg Sued"]
[BlackTeam "GOetzis"]

1.d4 Nf6 2.Bg5 d5 3.Bxf6 exf6 4.e3 Bf5 5.c4 Bxb1 6.Rxb1 Bb4+ 7.Ke2 dxc4 8.Qa4+
Nc6 9.Qb5 Qd7 10.Qxc4 O-O-O 11.g3 Rhe8 12.Nf3 Qg4 13.h3 Qe4 14.Rd1 Ba5 15.Bg2
Bb6 16.Kf1 Qe7 17.Kg1 g5 18.Kh2 h5 19.h4 Rd6 20.b4 g4 21.Ne1 f5 22.Nd3 Rh6
23.Rb1 Nd8 24.a4 c6 25.a5 Bc7 26.a6 b5 27.Qc2 Qxh4+ 28.Kg1 Qf6 29.Re1 Kb8 30.d5
Bb6 31.dxc6 Qd6 32.Nf4 Re5 33.Rd1 Qxb4 34.Nd5 Rxc6 35.Nxb4 Rxc2 36.Nxc2

[Event "2 Bundesliga West 2007/2008"]
[Site "Jenbach"]
[Date "2007.11.17"]
[Round "4"]
[Board "6"]
[White "Flatz, Lothar"]
[Black "Lickleder, Andreas"]
[Result "0-1"]
[WhiteElo "2156"]
[BlackElo "2227"]
[PlyCount "68"]
[EventDate "2007.10.06"]
[EventType "team"]
[EventRounds "11"]
[EventCountry "AUT"]
[WhiteTeam "GOetzis"]
[BlackTeam "Wuestenrot Inter Sbg Sued"]

1.Nf3 c5 2.g3 b6 3.Bg2 Bb7 4.d3 Nf6 5.e4 d6 6.O-O e6 7.c4 Be7 8.Nc3 O-O 9.Re1 a6
10.d4 cxd4 11.Nxd4 Qc7 12.Be3 Re8 13.Rc1 Nbd7 14.b3 Rac8 15.Nde2 Qb8 16.Nf4 Bc6
17.a4 Qa8 18.f3 Qb7 19.Qe2 Nc5 20.Rb1 Bf8 21.h4 d5 22.cxd5 exd5 23.exd5 Nxd5
24.Nfxd5 Bxd5 25.b4 Nb3 26.Nxd5 Qxd5 27.f4 Qe6 28.Qd3 Bxb4 29.Bd2 Bc5+ 30.Kh2
Rcd8 31.Qxa6 Qg6 32.Bc3 Bf2 33.Qf1 Qxg3+ 34.Kh1 Re3

[Event "2 Bundesliga West 2007/2008"]
[Site "Jenbach"]
[Date "2007.11.17"]
[Round "4"]
[Board "1"]
[White "Westermeier, Arnulf"]
[Black "Lehner, Oliver"]
[Result "1/2-1/2"]
[WhiteElo "2272"]
[BlackElo "2419"]
[PlyCount "121"]
[EventDate "2007.10.06"]
[EventType "team"]
[EventRounds "11"]
[EventCountry "AUT"]
[WhiteTeam "ASK Salzburg"]
[BlackTeam "Sparkasse Jenbach"]

1.e4 e5 2.Nc3 Nc6 3.Bc4 Nf6 4.d3 Na5 5.Nge2 Bc5 6.O-O h6 7.a3 Nxc4 8.dxc4 d6
9.Qd3 Be6 10.b3 O-O 11.Ng3 Nd7 12.Be3 Qh4 13.Rad1 g6 14.Bxc5 Nxc5 15.Qe3 a6
16.f4 exf4 17.Rxf4 Qg5 18.Rdf1 Nd7 19.Qd4 Rae8 20.Nf5 gxf5 21.exf5 Ne5 22.fxe6
fxe6 23.h4 Qg7 24.Qe3 Rxf4 25.Rxf4 h5 26.Ne4 Ng4 27.Qd3 Rf8 28.Rxf8+ Kxf8 29.g3
Qe5 30.Kg2 Ke7 31.a4 a5 32.Nf2 Ne3+ 33.Kf3 Nf5 34.Kg2 d5 35.cxd5 exd5 36.Nh3 d4
37.Nf4 Nxh4+ 38.Kf2 Qe3+ 39.Qxe3+ dxe3+ 40.Kxe3 Nf5+ 41.Kf2 Nd4 42.Nd5+ Kd6
43.Ne3 b6 44.Ke1 Ke5 45.Kf1 Ke4 46.Kf2 c6 47.Nc4 Nxc2 48.Nxb6 Nd4 49.Nd7 Nxb3
50.Nf6+ Ke5 51.Nxh5 Nc5 52.Ke3 Nxa4 53.Kd3 Nc5+ 54.Kc4 Nd7 55.Nf4 Kd6 56.Kb3
Nc5+ 57.Kc4 Ne6 58.Nd3 Kc7 59.Nb2 Ng5 60.Kb3 Kb6 61.Na4+

[Event "2 Bundesliga West 2007/2008"]
[Site "Jenbach"]
[Date "2007.11.17"]
[Round "4"]
[Board "2"]
[White "Schlosser, Philipp"]
[Black "Navratil, Robert"]
[Result "1-0"]
[WhiteElo "2564"]
[BlackElo "2141"]
[PlyCount "68"]
[EventDate "2007.10.06"]
[EventType "team"]
[EventRounds "11"]
[EventCountry "AUT"]
[WhiteTeam "Sparkasse Jenbach"]
[BlackTeam "ASK Salzburg"]

1.c4 e5 2.g3 Nf6 3.Bg2 d5 4.cxd5 Nxd5 5.Nf3 Nc6 6.O-O Nb6 7.d3 Be7 8.Nbd2 g5
9.b3 h5 10.Bb2 f6 11.h4 gxh4 12.Nxh4 f5 13.Ng6 Rg8 14.Nxe5 Nxe5 15.Bxe5 Bd6
16.Bxd6 Qxd6 17.e3 Qh6 18.Nf3 Be6 19.Nd4 O-O-O 20.Nxe6 Qxe6 21.Qxh5 Rh8 22.Qf3
c6 23.Rfc1 Rxd3 24.b4 Nd7 25.b5 Ne5 26.Qf4 Rhd8 27.Rab1 R8d6 28.bxc6 Nxc6
29.Bxc6 bxc6 30.Rxc6+ Kd7 31.Rxd6+ Rxd6 32.Qa4+ Ke7 33.Rb7+ Kf6 34.Qh4+ Ke5

[Event "2 Bundesliga West 2007/2008"]
[Site "Jenbach"]
[Date "2007.11.17"]
[Round "4"]
[Board "3"]
[White "Teufl, Siegfried"]
[Black "BOensch, Uwe"]
[Result "0-1"]
[WhiteElo "2207"]
[BlackElo "2530"]
[PlyCount "90"]
[EventDate "2007.10.06"]
[EventType "team"]
[EventRounds "11"]
[EventCountry "AUT"]
[WhiteTeam "ASK Salzburg"]
[BlackTeam "Sparkasse Jenbach"]

1.e4 c5 2.c3 d5 3.exd5 Qxd5 4.d4 Nf6 5.Nf3 Bg4 6.Be2 e6 7.O-O Nc6 8.Be3 cxd4
9.Nxd4 Bxe2 10.Qxe2 Nxd4 11.Bxd4 Be7 12.Rd1 Qc6 13.Nd2 O-O 14.Nf3 Rfd8 15.Ne5
Qe4 16.Qxe4 Nxe4 17.Kf1 f6 18.Nf3 e5 19.Be3 Nd6 20.b3 b6 21.c4 Kf7 22.Ne1 Ke6
23.f3 h5 24.Ke2 g5 25.Nc2 g4 26.h3 g3 27.Rd2 f5 28.Rad1 f4 29.Bg1 Nb7 30.Rxd8
Nxd8 31.b4 Rc8 32.Kd3 Nf7 33.Re1 Kf5 34.a3 Rd8+ 35.Kc3 Bf6 36.c5 b5 37.Rc1 e4+
38.Nd4+ Bxd4+ 39.Bxd4 exf3 40.gxf3 Ng5 41.c6 Nxf3 42.Bxa7 Rc8 43.Kb2 Ne5 44.Rc5
f3 45.a4 f2

[Event "2 Bundesliga West 2007/2008"]
[Site "Jenbach"]
[Date "2007.11.17"]
[Round "4"]
[Board "4"]
[White "Reich, Thomas"]
[Black "Juergens, Klaus"]
[Result "1-0"]
[WhiteElo "2430"]
[BlackElo "2181"]
[PlyCount "73"]
[EventDate "2007.10.06"]
[EventType "team"]
[EventRounds "11"]
[EventCountry "AUT"]
[WhiteTeam "Sparkasse Jenbach"]
[BlackTeam "ASK Salzburg"]

1.d4 Nf6 2.c4 c5 3.d5 b5 4.Nd2 bxc4 5.e4 c3 6.bxc3 d6 7.Ngf3 g6 8.c4 Bg7 9.Rb1
O-O 10.Be2 e6 11.O-O exd5 12.exd5 Bf5 13.Rb3 Ne4 14.Nxe4 Bxe4 15.Ng5 Bf5 16.g4
Bd7 17.Rg3 Re8 18.Bd3 Be5 19.Ne4 f6 20.f4 Bd4+ 21.Be3 f5 22.gxf5 Bxf5 23.Bxd4
cxd4 24.Ng5 Bxd3 25.Qxd3 Re3 26.Qxd4 Rxg3+ 27.hxg3 Qb6 28.Qxb6 axb6 29.Re1 Nd7
30.Re6 Rxa2 31.Rxd6 Ra7 32.Nf3 Rb7 33.Ne5 Nc5 34.Rc6 Kf8 35.d6 Ne4 36.Rc8+ Kg7
37.d7

[Event "2 Bundesliga West 2007/2008"]
[Site "Jenbach"]
[Date "2007.11.17"]
[Round "4"]
[Board "5"]
[White "Besner, Bernhard"]
[Black "Stangl, Markus"]
[Result "0-1"]
[WhiteElo "2119"]
[BlackElo "2453"]
[PlyCount "68"]
[EventDate "2007.10.06"]
[EventType "team"]
[EventRounds "11"]
[EventCountry "AUT"]
[WhiteTeam "ASK Salzburg"]
[BlackTeam "Sparkasse Jenbach"]

1.e4 c5 2.c3 e6 3.d4 d5 4.exd5 exd5 5.Nf3 Nc6 6.Bb5 Bd6 7.O-O Nge7 8.dxc5 Bxc5
9.Nbd2 O-O 10.Nb3 Bb6 11.Nbd4 Bg4 12.Qa4 Nxd4 13.Nxd4 Qd6 14.Ne2 h5 15.Qf4 Qc5
16.Bd3 Ng6 17.Qg5 Rae8 18.Be3 Qd6 19.Bxb6 Bxe2 20.Bxe2 Rxe2 21.Bd4 Rxb2 22.Qxh5
Nf4 23.Be5 Nxh5 24.Bxd6 Re8 25.Bc5 Nf4 26.Bxa7 Ne2+ 27.Kh1 b6 28.Rab1 Rxb1
29.Rxb1 Nxc3 30.Ra1 Na4 31.Rc1 Ra8 32.Rc7 d4 33.Kg1 d3 34.Kf1 Rd8

[Event "2 Bundesliga West 2007/2008"]
[Site "Jenbach"]
[Date "2007.11.17"]
[Round "4"]
[Board "6"]
[White "HOellrigl, Wilfried"]
[Black "Scheiblmaier, Robert"]
[Result "1-0"]
[WhiteElo "2240"]
[BlackElo "2135"]
[PlyCount "76"]
[EventDate "2007.10.06"]
[EventType "team"]
[EventRounds "11"]
[EventCountry "AUT"]
[WhiteTeam "Sparkasse Jenbach"]
[BlackTeam "ASK Salzburg"]

1.e4 e6 2.d4 d5 3.e5 c5 4.c3 Qb6 5.Nf3 Nc6 6.a3 c4 7.Nbd2 f6 8.Be2 fxe5 9.Nxe5
Nxe5 10.dxe5 Bc5 11.O-O Ne7 12.Bh5+ g6 13.Be2 O-O 14.Nf3 Rf7 15.Qc2 Nc6 16.Bg5
Be7 17.Bxe7 Rxe7 18.Rfe1 Qc7 19.Bd1 Bd7 20.Qe2 b5 21.Bc2 Be8 22.Qe3 Rb8 23.h4
Rg7 24.Nh2 Qd8 25.Qh6 Ne7 26.Ng4 Kh8 27.Nf6 Ng8 28.Nxg8 Kxg8 29.Rad1 Qe7 30.Re3
Bd7 31.Rg3 Rf8 32.Rd4 Qf7 33.f3 Qe7 34.Rdg4 Be8 35.h5 Qc5+ 36.Kh2 Qf2 37.hxg6
hxg6 38.Bxg6 Bxg6

[Event "2 Bundesliga West 2007/2008"]
[Site "Jenbach"]
[Date "2007.11.18"]
[Round "5"]
[Board "1"]
[White "Pitl, Gregory"]
[Black "Medvegy, Zoltan"]
[Result "0-1"]
[WhiteElo "2405"]
[BlackElo "2512"]
[PlyCount "70"]
[EventDate "2007.10.06"]
[EventType "team"]
[EventRounds "11"]
[EventCountry "AUT"]
[WhiteTeam "Wuestenrot Inter Sbg Sued"]
[BlackTeam "ATSV Ranshofen"]

1.d4 Nf6 2.c4 e6 3.g3 c5 4.d5 exd5 5.cxd5 d6 6.Nc3 g6 7.Bg2 Bg7 8.Nf3 O-O 9.O-O
a6 10.a4 Re8 11.Nd2 Nbd7 12.Nc4 Ne5 13.Na3 Nh5 14.h3 Rb8 15.e4 Bd7 16.a5 Qxa5
17.g4 Nf6 18.g5 Nh5 19.f4 Nc4 20.Nxc4 Qxa1 21.Nxd6 Bxc3 22.bxc3 Qxc3 23.Nxe8
Rxe8 24.Qe1 Qxe1 25.Rxe1 b5 26.Kf2 a5 27.Ke3 b4 28.Bd2 c4 29.Kd4 c3 30.Be3 Rc8
31.Bf1 b3 32.Ba6 b2 33.Bxc8 c2 34.Bxd7 b1=Q 35.Rc1 Ng3

[Event "2 Bundesliga West 2007/2008"]
[Site "Jenbach"]
[Date "2007.11.18"]
[Round "5"]
[Board "2"]
[White "Dovzik, Juri"]
[Black "Grafl, Florian"]
[Result "1-0"]
[WhiteElo "2381"]
[BlackElo "2433"]
[PlyCount "72"]
[EventDate "2007.10.06"]
[EventType "team"]
[EventRounds "11"]
[EventCountry "AUT"]
[WhiteTeam "ATSV Ranshofen"]
[BlackTeam "Wuestenrot Inter Sbg Sued"]

1.d4 f5 2.Nf3 Nf6 3.g3 g6 4.Bg2 Bg7 5.O-O O-O 6.c4 d6 7.Nc3 Na6 8.b3 e5 9.dxe5
dxe5 10.Ba3 Qxd1 11.Raxd1 Re8 12.e4 f4 13.gxf4 exf4 14.e5 Nh5 15.Rfe1 Bf8 16.Bb2
Nc5 17.Nd5 Na6 18.Ng5 Bh6 19.Ne4 Kf7 20.Ndf6 Rh8 21.Nd7 Re8 22.Nef6 Re6 23.Bd5
Bxd7 24.Nxd7 Ng7 25.Bxb7 Rd8 26.Nf6 Rxd1 27.Rxd1 Nb4 28.a3 Rb6 29.Rd7+ Ke6
30.Bc8 Rb8 31.Rxc7+ Rxc8 32.Rxc8 Nd3 33.Bc3 f3 34.Ng4 Bf4 35.h3 Nf5 36.Nf6 Ne7

[Event "2 Bundesliga West 2007/2008"]
[Site "Jenbach"]
[Date "2007.11.18"]
[Round "5"]
[Board "3"]
[White "Pitschka, Klaus"]
[Black "Zoister, Stefan"]
[Result "1/2-1/2"]
[WhiteElo "2320"]
[BlackElo "2226"]
[PlyCount "47"]
[EventDate "2007.10.06"]
[EventType "team"]
[EventRounds "11"]
[EventCountry "AUT"]
[WhiteTeam "Wuestenrot Inter Sbg Sued"]
[BlackTeam "ATSV Ranshofen"]

1.d4 Nf6 2.Nc3 d5 3.Bg5 e6 4.e4 dxe4 5.Nxe4 Nbd7 6.Nf3 Be7 7.Nxf6+ Nxf6 8.Bd3 c5
9.dxc5 Qa5+ 10.c3 Qxc5 11.O-O O-O 12.Qe2 h6 13.Be3 Qc7 14.Bd4 Bd7 15.Ne5 Bc5
16.Nxd7 Nxd7 17.Qe4 g6 18.Rad1 Bxd4 19.Qxd4 Rad8 20.Qe3 Kg7 21.c4 Nc5 22.Be2 a5
23.a3 a4 24.Qc3+

[Event "2 Bundesliga West 2007/2008"]
[Site "Jenbach"]
[Date "2007.11.18"]
[Round "5"]
[Board "4"]
[White "Webersberger, Johann"]
[Black "Marchhart, Matthias"]
[Result "1-0"]
[WhiteElo "2236"]
[BlackElo "2163"]
[PlyCount "103"]
[EventDate "2007.10.06"]
[EventType "team"]
[EventRounds "11"]
[EventCountry "AUT"]
[WhiteTeam "ATSV Ranshofen"]
[BlackTeam "Wuestenrot Inter Sbg Sued"]

1.Nf3 Nf6 2.c4 c5 3.g3 Nc6 4.Bg2 d5 5.cxd5 Nxd5 6.O-O e5 7.d3 Be7 8.Nc3 Be6
9.Bd2 Rc8 10.Qa4 Nb6 11.Qd1 f6 12.Rc1 Qd7 13.Ne4 Nd4 14.Nxd4 cxd4 15.Rxc8+ Qxc8
16.Qa1 Nd7 17.f4 O-O 18.f5 Bd5 19.Rc1 Qa8 20.a3 a5 21.Rc2 Rf7 22.Nd6 Bxg2
23.Rc8+ Qxc8 24.Nxc8 Bh3 25.Nxe7+ Rxe7 26.Qa2+ Kf8 27.Bxa5 b6 28.Bb4 Nc5 29.Qd5
Bxf5 30.Qd6 Kf7 31.Qxb6 Nd7 32.Qd6 Re8 33.a4 Kg6 34.a5 Rb8 35.Kf2 h5 36.e4 Bg4
37.Ke1 Rc8 38.Kd2 Rb8 39.Ba3 Rb3 40.Qd5 Rb8 41.a6 Nb6 42.a7 Re8 43.Qb7 Na8 44.b4
h4 45.b5 hxg3 46.hxg3 Rh8 47.b6 Rh2+ 48.Kc1 Rh1+ 49.Kb2 Rh2+ 50.Kb3 Be6+ 51.Ka4
Rh8 52.Bc5

[Event "2 Bundesliga West 2007/2008"]
[Site "Jenbach"]
[Date "2007.11.18"]
[Round "5"]
[Board "5"]
[White "Riemelmoser, Franz"]
[Black "Ager, Josef"]
[Result "1/2-1/2"]
[WhiteElo "2302"]
[BlackElo "2213"]
[PlyCount "107"]
[EventDate "2007.10.06"]
[EventType "team"]
[EventRounds "11"]
[EventCountry "AUT"]
[WhiteTeam "Wuestenrot Inter Sbg Sued"]
[BlackTeam "ATSV Ranshofen"]

1.d4 Nf6 2.Bg5 Ne4 3.h4 c5 4.dxc5 Qa5+ 5.Nd2 Nxd2 6.Qxd2 Qxd2+ 7.Bxd2 a5 8.c3 e6
9.b4 Be7 10.g3 axb4 11.cxb4 Bf6 12.Rb1 Rxa2 13.Bg2 Nc6 14.Nf3 O-O 15.b5 Nd4
16.Nxd4 Bxd4 17.Bb4 Rd8 18.e3 Bxe3 19.O-O Bd2 20.Bxd2 Rxd2 21.Rfc1 Kf8 22.Ra1 d5
23.cxd6 Bd7 24.Rab1 Rxd6 25.Bxb7 Rb6 26.Bc6 Bxc6 27.bxc6 Rxb1 28.Rxb1 Rc8 29.Rb6
Rc7 30.h5 h6 31.Kg2 Ke7 32.Rb7 Kd6 33.Rb4 f5 34.f4 Rxc6 35.Rb7 Rc7 36.Rb6+ Ke7
37.Ra6 Rd7 38.Kh2 Rd6 39.Ra7+ Kf6 40.Ra3 Rd2+ 41.Kh3 Re2 42.Ra8 Re1 43.Kg2 Rb1
44.Ra6 Rb8 45.Kh2 Re8 46.Kg2 Kf7 47.Ra7+ Re7 48.Ra5 g6 49.hxg6+ Kxg6 50.Ra6 Kf6
51.Kh2 Rg7 52.Ra8 Re7 53.Ra6 Kg6 54.Kh3

[Event "2 Bundesliga West 2007/2008"]
[Site "Jenbach"]
[Date "2007.11.18"]
[Round "5"]
[Board "6"]
[White "Hackbarth, Wolfgang"]
[Black "Lickleder, Andreas"]
[Result "1/2-1/2"]
[WhiteElo "2141"]
[BlackElo "2227"]
[PlyCount "60"]
[EventDate "2007.10.06"]
[EventType "team"]
[EventRounds "11"]
[EventCountry "AUT"]
[WhiteTeam "ATSV Ranshofen"]
[BlackTeam "Wuestenrot Inter Sbg Sued"]

1.c4 c5 2.Nc3 e6 3.Nf3 b6 4.d4 cxd4 5.Nxd4 d6 6.e4 Nf6 7.Be2 Bb7 8.f3 Be7 9.Be3
O-O 10.Qd2 Nbd7 11.Rd1 a6 12.Nc2 Qc7 13.Bf4 Ne5 14.Ne3 Rfd8 15.Bg3 Nh5 16.f4
Nxg3 17.hxg3 Ng6 18.Kf2 Bf6 19.Bf3 Bc6 20.Ng4 Be7 21.Rh5 b5 22.Rdh1 Nf8 23.f5 b4
24.f6 Bxf6 25.Nxf6+ gxf6 26.Ne2 Be8 27.Qf4 Ng6 28.Qxf6 Qe7 29.Qxe7 Nxe7 30.Rxh7
Nc6